| 000 | 00749nam a2200205 i 4500 | ||
|---|---|---|---|
| 001 | 164904 | ||
| 003 | ES-MaACL | ||
| 005 | 20250313063304.0 | ||
| 008 | 001129s1861 fr |||| | ger d | ||
| 100 | 1 |
_aSchiller, Friedrich, _d1759-1805 _9104361 |
|
| 245 | 1 | 0 |
_aMélanges / _cde Schiller précédés du visionnaire ; traduction nouvelle par Ad. Regnier. |
| 260 |
_aParis : _bLibrairie de L. Hachette et Cie., _c1861 ( _fImp. de Ch. Lahure et Cie.) |
||
| 300 |
_a468 p. ; _c23 cm. |
||
| 490 | 1 |
_aOeuvres de Schiller ; _v7 |
|
| 700 | 1 |
_aRegnier, Adolphe. _9168568 |
|
| 830 | 0 |
_aOeuvres de Schiller ; _v7 _9188505 |
|
| 852 |
_aES-MaACL _jB-1235 _z- Enc. hol. |
||
| 852 |
_aES-MaACL _jD-4510 _z- Enc. hol. |
||
| 999 |
_c164904 _d164904 |
||